000
00321nam a22001337a 4500
082
_a
158
_b
APJ/F
100
_a
PJ ABDUL KALAM
245
_a
FORGE YOUR FUTRE
246
_a
FORGE YOUR FUTRE
_b
FORGE YOUR FUTRE
260
_a
NEW DELHI
_b
RAJPAL
_c
2014
300
_a
223
650
_a
INSPIRATION& PERSONAL GROWTH
942
_c
BK
999
_c
9094
_d
9094